LEADER 01744nam 22004213 450 001 9910165256103321 005 20230213222748.0 010 $a1-77667-673-4 035 $a(CKB)3710000001065611 035 $a(MiAaPQ)EBC4810813 035 $a(Au-PeEL)EBL4810813 035 $a(CaPaEBR)ebr11350382 035 $a(OCoLC)974592288 035 $a(BIP)059104020 035 $a(EXLCZ)993710000001065611 100 $a20210901d1920 uy 0 101 0 $aeng 135 $aurcnu|||||||| 181 $ctxt$2rdacontent 182 $cc$2rdamedia 183 $acr$2rdacarrier 200 14$aThe Story of a Lamb on Wheels 210 1$aAuckland :$cFloating Press, The,$d1920. 210 4$d©2017. 215 $a1 online resource (71 pages) 327 $aIntro -- Title -- Contents -- Chapter I - The Lamb's Wish -- Chapter II - The Jolly Sailor -- Chapter III - A Home on Shore -- Chapter IV - Sliding Downhill -- Chapter V - In Great Danger -- Chapter VI - Down the Coal Hole -- Chapter VII - The Lamb Carried Away -- Chapter VIII - Sailing down the Brook -- Chapter IX - On a Load of Wood -- Chapter X - Mirabell is Happy. 330 8 $aBecause she is made of delicate material, the pretty China Cat has to be very careful, so she doesn't usually get to play the rough games that her fellow toys do in the hours when the toy shop where they all live is closed. But one day, when a crisis occurs, China Cat gets help from an unexpected rescuer. 606 $aToys 615 0$aToys. 676 $aFIC 700 $aHope$b Laura Lee$0829635 801 0$bMiAaPQ 801 1$bMiAaPQ 801 2$bMiAaPQ 906 $aBOOK 912 $a9910165256103321 996 $aThe Story of a Lamb on Wheels$93005621 997 $aUNINA LEADER 02939nam 2200649 a 450 001 9910134030603321 005 20230802002211.0 010 $a92-5-106718-X 035 $a(CKB)9870000000000455 035 $a(MH)013238413-2 035 $a(SSID)ssj0001222518 035 $a(PQKBManifestationID)12404514 035 $a(PQKBTitleCode)TC0001222518 035 $a(PQKBWorkID)11200799 035 $a(PQKB)10694065 035 $a(EXLCZ)999870000000000455 100 $a20110916d2011 uf 0 101 0 $aeng 181 $ctxt 182 $cc 183 $acr 200 00$aBiosafety resource book$b[electronic resource] 210 $aRome $cFood and Agriculture Organization of the United Nations$d2011 215 $a1 online resource (5 v. )$cill. ; 300 $aBibliographic Level Mode of Issuance: Monograph 320 $aIncludes bibliographical references. 327 $a[v. 1]: Module A. Introduction to molecular biology and genetic engineering / Oliver Brandenberg ... [et al.] -- [v. 2]: Module B. Ecological aspects / Elizabeth Hodson de Jaramillo ... [et al.] -- [v. 3]: Module C. Risk analysis / Alessandra Sensi ... [et al.] -- [v. 4]: Module D. Test and post-release monitoring of genetically modified organisms (GMOs) / Oliver Brandenberg ... [et al.] -- [v. 5]: Module E. Legal aspects / Anna Milena Zivian, Alessandra Sensi, Carmen Bullón Caro. 606 $aBiotechnology$xSafety measures 606 $aBiotechnology$xEnvironmental aspects 606 $aBiotechnology industries$xLaw and legislation 606 $aBiotechnology$xSafety measures 606 $aBiotechnology$xEnvironmental aspects 606 $aBiotechnology industries$xLaw and legislation 606 $aMechanical Engineering$2HILCC 606 $aEngineering & Applied Sciences$2HILCC 606 $aBioengineering$2HILCC 615 0$aBiotechnology$xSafety measures. 615 0$aBiotechnology$xEnvironmental aspects. 615 0$aBiotechnology industries$xLaw and legislation. 615 0$aBiotechnology$xSafety measures. 615 0$aBiotechnology$xEnvironmental aspects. 615 0$aBiotechnology industries$xLaw and legislation. 615 7$aMechanical Engineering 615 7$aEngineering & Applied Sciences 615 7$aBioengineering 676 $a338.4/76606 701 $aBrandenberg$b Oliver$01241161 701 $aHodson de Jaramillo$b Elizabeth$01241162 701 $aSensi$b Alessandra$01241163 712 02$aFood and Agriculture Organization of the United Nations. 801 0$bDLC 801 1$bDLC 906 $aBOOK 912 $a9910134030603321 996 $aBiosafety resource book$92879302 997 $aUNINA 999 $aThis Record contains information from the Harvard Library Bibliographic Dataset, which is provided by the Harvard Library under its Bibliographic Dataset Use Terms and includes data made available by, among others the Library of Congress